000 00794cab a2200229 4500
001 WB3201-47
008 090401t1996 xxu||||| |||| 00| 0 eng d
035 _a(Sirsi) u11162
041 _aeng
245 _aHealth and safety laws repealed
260 _c1996
350 _a0
490 _aDoE News Release
_v(1) 2 January 1996, (3)
520 _aOutdated health and safety regulations are revoked or repealed by the "Health and Safety (Repeals and Revocations) Regulations 1995". Lists statutes and regulations affected.
650 _aFACTORIES ACT 1961 S133
650 _aHEALTH AND SAFETY (REPEALS AND REVOCATIONS) REGULATIONS 19
650 _aHEALTH AND SAFETY
_96244
650 _aHOURS OF EMPLOYMENT (CONVENTIONS) ACT 1936
690 _aLAW
942 _n0
948 _c04/03/1997
999 _c7105
_d7105